000 00633nam a22002051a 4500
001 18664
003 OSt
005 20260204212416.0
008 180416s2011||||dr ||||||b||||||||||spa||
020 _a9789993478000
082 _aRD 657.042 T632c
100 _aToribio L.,Damaso A.
245 _aCurso de contabilidad para el primer nivel:teoría y práctica, preguntas y problemas/Damaso A. Toribio L., Luis E. Madrigal y Victor R. De La Rosa
250 _a14
264 _aSanto Domingo:Soto Castillo
300 _a154 p.
650 _aContabilidad
700 _aMadrigal,Luis E. II.De La Rosa,Victor R.Ì
942 _2ddc
_cBK
999 _c18664
_d18664